Normal view
MARC view
Entry Personal Name
001 - CONTROL NUMBER
- control field: 30803
003 - CONTROL NUMBER IDENTIFIER
- control field: dpl
005 - DATE AND TIME OF LATEST TRANSACTION
- control field: 20110802122339.0
008 - FIXED-LENGTH DATA ELEMENTS
- fixed length control field: 110802|||a|||||| | ||| d
040 ## - CATALOGING SOURCE
- Original cataloging agency: dpl
- Transcribing agency: dpl
100 ## - HEADING--PERSONAL NAME
- Personal name: सहस्त्रार्जुन
670 ## - SOURCE DATA FOUND
- Source citation: Work cat.: (dpl)50679: प्रकाश मनु 1073, अद्भुत कहानियाँ ज्ञान-विज्ञान की /, 2010
670 ## - SOURCE DATA FOUND
- Source citation: Work cat.: (dpl)50679: प्रकाश मनु 1073, अद्भुत कहानियाँ ज्ञान-विज्ञान की /, 2010
